000 00457nam a2200169Ia 4500
003 GCL
008 140319s9999 xx 000 0 eng d
040 _aGCL /
_cGCL
082 0 4 _aCC
_b069.0932
_bY I
100 1 _aYOUSEF, AHMAD
245 1 0 _aILLUSTRATED CATALOGUE OF THE EGYPTIAN MUSEUM /
_cYOUSEF, AHMAD
260 _a[S.N] :
_bEASTERN PUBLISHING COMPANY
650 0 4 _aMUSEUMS
650 0 4 _aANCIENT EGYPT
650 0 4 _aEGYPT, MUSEUMS
942 _2ddc
_cBK
999 _c13136
_d13136